[Event "16th Open"]
[Site "Abu Dhabi UAE"]
[Date "2006.08.15"]
[Round "4"]
[White "Nezad,H"]
[Black "Neverov,V"]
[Result "1/2-1/2"]
[WhiteElo "2320"]
[BlackElo "2556"]
[EventDate "2006.08.12"]

1. e4 c5 2. Nf3 e6 3. c3 Nf6 4. e5 Nd5 5. Bc4 d6 6. d4 Nc6 7. Qe2 Be7 8.
O-O O-O 9. Qe4 Kh8 10. exd6 Qxd6 11. dxc5 Qxc5 12. Nbd2 f5 13. Qc2 b5 14.
Be2 Bb7 15. Nb3 Qb6 16. Bg5 Bxg5 17. Nxg5 Nf4 18. g3 Nxe2+ 19. Qxe2 Rf6 20.
Qh5 h6 21. Rae1 Ne7 22. Nd4 Bd5 23. Nf7+ Kh7 24. Ne5 Rd8 25. a3 Ng6 26.
Nxg6 Rxg6 27. Re5 Bc4 28. Rd1 Rg4 29. Ree1 Rdxd4 30. cxd4 Bd5 31. Qh3 Rxd4
32. Qf1 Bc4 33. Qg2 Bd5 34. Qf1 b4 35. Qe2 bxa3 36. bxa3 Ra4 37. Qe3 Qa5
38. Qe5 Rxa3 39. Rc1 Qd8 40. Rc7 Qg5 41. Rec1 f4 42. Qxf4 Qxf4 43. gxf4 Kg6
44. R1c3 Ra1+ 45. Rc1 Ra4 46. h3 a5 47. Ra7 Kf6 48. Rcc7 Ra1+ 49. Kh2 Rh1+
50. Kg3 Rg1+ 51. Kh4 g5+ 52. fxg5+ hxg5+ 53. Kh5 Rh1 54. Rf7+ Ke5 55. Rxa5
Rxh3+ 56. Kxg5 Rd3 57. f4+ Ke4 58. Ra4+ Rd4 59. Rxd4+ Kxd4 60. Ra7 Ke4 61.
Ra4+ Kf3 62. Kf6 Be4 63. Ke5 Bf5 64. Ra3+ Kg4 65. Rc3 Kh4 66. Rc8 Kg3 67.
Rg8+ Kf3 68. Rg7 Bg4 69. Rg5 Bh3 70. Rh5 Bg4 71. Rh6 Bf5 72. Rh4 Kg3 73.
Rh5 Bg4 74. Rh8 Kf3 75. Ra8 Bf5 76. Ra3+ Kg4 77. Ra1 Kg3 78. Rg1+ Kf3 79.
Rg5 Bg4 80. Rxg4 1/2-1/2

[Event "16th Open"]
[Site "Abu Dhabi UAE"]
[Date "2006.08.15"]
[Round "4"]
[White "Alavi,S"]
[Black "Sturua,Z"]
[Result "1/2-1/2"]
[WhiteElo "2314"]
[BlackElo "2509"]
[EventDate "2006.08.12"]

1. e4 c5 2. Nf3 g6 3. Bc4 Bg7 4. O-O Nc6 5. c3 e6 6. d3 Nge7 7. Be3 d5 8.
Bb5 d4 9. cxd4 cxd4 10. Bd2 Bd7 11. Na3 O-O 12. Nc4 e5 13. Qc1 Bg4 14. Ba4
Rc8 15. Qe1 a6 16. Bb3 b5 17. Na5 Nxa5 18. Bxa5 Qd7 19. Qe2 Be6 20. Bxe6
Qxe6 21. Bd2 Rc6 22. b3 Rfc8 23. Rfc1 Bf8 24. Qd1 f6 25. Ne1 R8c7 26. Nc2
Qc8 27. Nb4 Rxc1 28. Rxc1 a5 29. Rxc7 Qxc7 30. Nc2 Nc6 31. a3 Nd8 32. Qb1
Ne6 33. b4 a4 34. Qa2 Kf7 35. Ne1 Qd6 36. Qc2 Qd7 37. Qc1 Bd6 38. Qc2 Ke7
39. Qa2 Qc6 40. Qc2 Qb7 41. Qb2 h5 42. Qa2 f5 43. f3 Kf6 44. Bc1 Qc6 45.
Bd2 Be7 46. Qc2 Qd7 47. Qc1 Kg7 48. Bh6+ Kf7 49. Bd2 Nd8 50. Kf1 Ke8 51.
Qc2 Qd6 52. Qa2 Ne6 53. Qc2 Kd7 54. Qc1 Nd8 55. Qc2 Qe6 56. Ke2 Nf7 57. Bc1
g5 58. Kf1 f4 59. h3 Nh6 60. Ke2 Ng8 61. Kf1 Nf6 62. Ke2 Bd6 63. Qb2 Qg8
64. Qc2 g4 65. hxg4 hxg4 66. Kd1 Nh7 67. Qe2 Nf6 68. Qc2 Qf7 69. Qe2 Qh5
70. Qa2 Qg6 71. Bd2 gxf3 72. gxf3 Ke7 73. Bc1 Qg3 74. Qg2 Qg8 75. Qxg8 Nxg8
76. Ke2 Kf6 77. Kf2 Kg5 78. Bd2 Ne7 79. Kg2 Ng6 1/2-1/2

[Event "16th Open"]
[Site "Abu Dhabi UAE"]
[Date "2006.08.15"]
[Round "4"]
[White "Sale,S"]
[Black "Ushenina,A"]
[Result "1/2-1/2"]
[WhiteElo "2438"]
[BlackElo "2410"]
[EventDate "2006.08.12"]

1. Nf3 d5 2. c4 d4 3. g3 Nc6 4. d3 Nf6 5. Bg2 e5 6. O-O Nd7 7. Na3 Be7 8.
Nc2 a5 9. e3 Nc5 10. Nxe5 Nxe5 11. exd4 Bg4 12. f3 Bf5 13. dxe5 Bxd3 14.
Rf2 Bxc4 15. Rd2 Qc8 16. Ne3 Be6 17. f4 c6 18. Qc2 g6 19. Rf2 Na6 20. f5
Nb4 21. Qe4 Bd5 22. Qd4 Bxg2 23. e6 f6 24. Kxg2 c5 25. Qe4 Qc6 26. Qxc6+
Nxc6 27. Nd5 O-O-O 28. Nxe7+ Nxe7 29. fxg6 hxg6 30. Bd2 Rd6 31. Re1 b6 32.
h4 Nd5 33. g4 Kd8 34. Kg3 Ke7 35. Rfe2 Rh7 36. a4 Rc6 37. Bc3 Nxc3 38. bxc3
Rd6 39. Re3 Rh8 40. Rb1 Rb8 1/2-1/2

[Event "16th Open"]
[Site "Abu Dhabi UAE"]
[Date "2006.08.15"]
[Round "4"]
[White "Safarli,E"]
[Black "Lodhi,M"]
[Result "1/2-1/2"]
[WhiteElo "2421"]
[BlackElo "2360"]
[EventDate "2006.08.12"]

1. e4 e5 2. Nc3 Bc5 3. Nf3 d6 4. Na4 Bb6 5. Nxb6 axb6 6. d4 exd4 7. Nxd4
Nf6 8. f3 h6 9. c4 O-O 10. Be2 Nc6 11. O-O Nxd4 12. Qxd4 Nd7 13. Be3 Ne5
14. b3 Nc6 15. Qc3 f5 16. exf5 Bxf5 17. Rfe1 Qf6 18. Qd2 Qg6 19. Kh1 Rae8
20. Bf1 Re7 21. Bf2 Rfe8 22. Rxe7 Rxe7 23. Re1 Rxe1 24. Qxe1 Bd3 25. Bxd3
Qxd3 26. Qe6+ Kh7 27. h3 Ne5 28. Bg3 Qg6 29. Qxg6+ Kxg6 30. Bxe5 dxe5 31.
Kg1 Kf5 32. Kf2 h5 33. h4 e4 34. Ke3 exf3 35. Kxf3 c6 36. b4 b5 37. c5 Ke5
38. Ke3 Kf5 39. Kf3 Ke5 1/2-1/2

[Event "16th Open"]
[Site "Abu Dhabi UAE"]
[Date "2006.08.15"]
[Round "4"]
[White "Magerramov,E"]
[Black "Lomineishvili,M"]
[Result "1-0"]
[WhiteElo "2530"]
[BlackElo "2380"]
[EventDate "2006.08.12"]

1. d4 Nf6 2. c4 e6 3. Nf3 Bb4+ 4. Bd2 c5 5. Bxb4 cxb4 6. g3 O-O 7. Bg2 d6
8. O-O Re8 9. Re1 Nc6 10. d5 Na5 11. Nbd2 exd5 12. cxd5 Nxd5 13. Nb3 Nf6
14. Nxa5 Qxa5 15. Qxd6 Bg4 16. Nd4 Rad8 17. Qf4 Qb6 18. e3 h6 19. Rec1 Rc8
20. Rxc8 Rxc8 21. h3 Bd7 22. Qf3 Rc5 23. Qd1 Qc7 24. Qd2 a5 25. Rd1 Qc8 26.
h4 Bg4 27. Re1 Bh3 28. e4 Bxg2 29. Kxg2 Qd7 30. f3 Nh5 31. Rd1 Qc7 32. Qf2
Rc1 33. Rxc1 Qxc1 34. b3 Nf6 35. Qc2 Qe1 36. Nf5 b5 37. Nd6 Qc3 38. Qe2 Nh5
39. e5 g5 40. hxg5 hxg5 41. Qxb5 Qc2+ 42. Kh3 Ng7 43. Qc4 Qg6 44. Qc8+ Kh7
45. Ne4 Qe6+ 46. Qxe6 Nxe6 47. Kg4 Kg6 48. Nd6 Nd4 49. Nc4 Ne2 50. Nxa5 Nc3
51. Nc6 Nxa2 52. Ne7+ Kh6 53. Kf5 Nc1 54. Kf6 Nxb3 55. Nd5 Nd2 56. Nxb4
Nxf3 57. Nd3 Kh5 58. Nf2 Kh6 59. Ng4+ Kh5 60. Ne3 g4 61. Nc4 Nd4 62. Kxf7
Nf5 63. e6 Nh6+ 64. Kf8 1-0

[Event "16th Open"]
[Site "Abu Dhabi UAE"]
[Date "2006.08.15"]
[Round "4"]
[White "Odeev,H"]
[Black "Jasim,A"]
[Result "1-0"]
[WhiteElo "2492"]
[BlackElo "2326"]
[EventDate "2006.08.12"]

1. e4 e6 2. d4 d5 3. Nc3 dxe4 4. Nxe4 Nd7 5. Nf3 Ngf6 6. Nxf6+ Nxf6 7. Be3
Nd5 8. Bd2 c5 9. Bb5+ Bd7 10. Qe2 Bxb5 11. Qxb5+ Qd7 12. Qb3 Bd6 13. dxc5
Bxc5 14. Ne5 Qc7 15. Qa4+ Ke7 16. Nd3 Bd6 17. Qh4+ Nf6 18. Bc3 h6 19. O-O
g5 20. Qh3 Rhg8 21. f4 Nd5 22. f5 Nxc3 23. bxc3 Qxc3 24. fxe6 fxe6 25. Rae1
Qc4 26. Qxh6 Kd7 27. Rf7+ Kc6 28. Rxe6 Qd4+ 29. Kf1 Rae8 30. Rxd6+ Qxd6 31.
Nb4+ Kc5 32. Rf5+ Re5 1-0

[Event "16th Open"]
[Site "Abu Dhabi UAE"]
[Date "2006.08.15"]
[Round "4"]
[White "Khader,S"]
[Black "Amin,B"]
[Result "0-1"]
[WhiteElo "2384"]
[BlackElo "2453"]
[EventDate "2006.08.12"]

1. e4 e5 2. Nf3 Nc6 3. d4 exd4 4. Nxd4 Nf6 5. Nxc6 bxc6 6. e5 Qe7 7. Qe2
Nd5 8. c4 Ba6 9. b3 g6 10. Ba3 Qg5 11. Bxf8 Kxf8 12. Nd2 Re8 13. Nf3 Qf5
14. g3 Nb4 15. O-O-O Nxa2+ 16. Kb2 Nb4 17. h4 d6 18. Bh3 Qf6 19. exf6 Rxe2+
20. Kc3 Na2+ 21. Kd3 Rxf2 22. Rhf1 Nb4+ 23. Ke3 Rb2 24. Nd2 c5 25. Kf2 Bb7
26. Kg1 Nc2 27. Rf2 Nd4 28. Re1 h6 29. Bg2 Bxg2 30. Kxg2 Ne6 31. Ra1 Ke8
32. Rxa7 Kd7 33. Rb7 Re8 34. Ne4 Rxf2+ 35. Nxf2 Nd4 36. Ng4 Nf5 37. Kf2 Re4
38. Nh2 Re6 39. h5 gxh5 40. b4 cxb4 41. Rxb4 Rxf6 42. Kg2 Rg6 43. Rb3 h4
44. g4 h5 45. Kh3 hxg4+ 46. Nxg4 Nd4 47. Rd3 Nc6 48. Rd5 Ke6 49. Kxh4 f5
50. Nf2 Ne5 51. Kh5 Rg8 52. Nd3 Kf6 0-1

[Event "16th Open"]
[Site "Abu Dhabi UAE"]
[Date "2006.08.15"]
[Round "4"]
[White "Motoc,A"]
[Black "Abbasov,F"]
[Result "1/2-1/2"]
[WhiteElo "2309"]
[BlackElo "2443"]
[EventDate "2006.08.12"]

1. d4 d5 2. c4 c6 3. Nf3 Nf6 4. e3 a6 5. Nbd2 Bg4 6. h3 Bh5 7. g4 Bg6 8.
Ne5 Nfd7 9. Nxg6 hxg6 10. cxd5 cxd5 11. Qb3 Nb6 12. a4 Ra7 13. a5 Nc8 14.
e4 e6 15. exd5 Qxd5 16. Qxd5 exd5 17. Bg2 Nc6 18. Bxd5 Nxd4 19. Ra4 Nc6 20.
O-O Be7 21. Ne4 Nb4 22. Rd1 Nxd5 23. Rxd5 b5 24. axb6 Nxb6 25. Be3 Nxa4 26.
Bxa7 Rxh3 27. Be3 Nxb2 28. Kg2 Rh4 29. f3 Nc4 30. Bf2 Rh8 31. Rd4 Ne5 32.
Ra4 Nc6 33. Rxa6 Kd7 34. Bg3 f5 35. Nc3 Rf8 36. Nd5 Bd8 37. Bh2 Re8 38. Ra2
Re1 39. Nf4 fxg4 40. Rd2+ Ke8 41. fxg4 Ne5 42. Nd3 Nc4 43. Nxe1 Nxd2 44.
Nf3 Ne4 45. Ne5 g5 46. Kf3 Nf6 47. Nc6 Bb6 48. Be5 Kd7 1/2-1/2

[Event "16th Open"]
[Site "Abu Dhabi UAE"]
[Date "2006.08.15"]
[Round "4"]
[White "Samhouri,A"]
[Black "Allahverdiev,A"]
[Result "0-1"]
[WhiteElo "2294"]
[BlackElo "2435"]
[EventDate "2006.08.12"]

1. d4 Nf6 2. Nf3 e6 3. Bg5 d5 4. e3 Be7 5. Nbd2 c5 6. c3 Nbd7 7. Bd3 b6 8.
O-O Bb7 9. Ne5 Nxe5 10. dxe5 Nd7 11. Bxe7 Qxe7 12. f4 O-O-O 13. a4 f6 14.
exf6 gxf6 15. Qe2 Nb8 16. b4 Rhg8 17. bxc5 bxc5 18. Rab1 Rg7 19. e4 Qd6 20.
Rb2 c4 21. Bc2 Rdg8 22. g3 Qa3 23. Rxb7 Qc5+ 24. Kg2 Kxb7 25. Rb1+ Kc7 26.
Rb5 Qd6 27. exd5 exd5 28. Qf3 Qc6 29. Qf2 Kd6 30. Qd4 Ke6 31. f5+ Kf7 32.
Qxa7+ Nd7 33. Nf3 Qd6 34. Rb7 Rxg3+ 35. Kf2 Rg2+ 36. Kf1 Ke7 37. Bd1 d4 38.
Qxd4 Qxd4 39. Nxd4 Rg1+ 40. Ke2 R8g2+ 41. Kf3 Rxh2 42. a5 Rxd1 0-1

[Event "16th Open"]
[Site "Abu Dhabi UAE"]
[Date "2006.08.15"]
[Round "4"]
[White "Kayumov,S"]
[Black "Pourkashiyan,A"]
[Result "1/2-1/2"]
[WhiteElo "2435"]
[BlackElo "2298"]
[EventDate "2006.08.12"]

1. e4 e5 2. Bc4 Nf6 3. d3 Nc6 4. Nc3 Bb4 5. Nge2 d5 6. exd5 Nxd5 7. O-O Be6
8. Bxd5 Bxd5 9. f4 O-O 10. f5 f6 11. Nxd5 Qxd5 12. Ng3 Rfe8 13. Ne4 Bf8 14.
Be3 Nd4 15. c3 Nc6 16. Rf3 Rad8 17. Bf2 Qf7 18. g4 Ne7 19. h4 Nc8 20. Qb3
b6 21. g5 Qxb3 22. axb3 Kf7 23. b4 Rd7 24. Kf1 c6 25. Ke2 Nd6 26. Be3 Red8
27. gxf6 Nxe4 28. fxg7 Nxc3+ 29. bxc3 Bxg7 30. f6 Bf8 31. h5 Bd6 32. Bh6
Bf8 33. Bg5 Bd6 34. Bh6 Bf8 35. Be3 Bd6 36. Bh6 1/2-1/2

[Event "16th Open"]
[Site "Abu Dhabi UAE"]
[Date "2006.08.15"]
[Round "4"]
[White "Mamedjarova,T"]
[Black "Javakhishvili,L"]
[Result "1-0"]
[WhiteElo "2241"]
[BlackElo "2418"]
[EventDate "2006.08.12"]

1. e4 c5 2. c3 d5 3. exd5 Qxd5 4. d4 Nf6 5. Nf3 Bg4 6. dxc5 Qxc5 7. h3 Bh5
8. Be3 Qc7 9. g4 Bg6 10. Na3 Nbd7 11. Bg2 e6 12. Nb5 Qb8 13. Nh4 a6 14.
Nxg6 hxg6 15. Nd4 Qc7 16. Qe2 Nb6 17. O-O Be7 18. Rad1 Nfd5 19. Bc1 Rd8 20.
Rfe1 Qc8 21. g5 Rh5 22. Nf5 Kf8 23. Nxe7 Kxe7 24. c4 Nb4 25. Rxd8 Qxd8 26.
Rd1 Qc7 27. b3 a5 28. Qe4 Nd7 29. Qd4 Nxa2 30. Bf4 e5 31. Re1 f6 32. Qd3
Nf8 33. Bd2 Nb4 34. Bxb4+ axb4 35. f4 Qc5+ 36. Kh1 Qf2 37. Rf1 Qd4 38. Qe2
Ne6 39. Qf3 e4 40. Qe2 f5 41. Qa2 Rh8 42. Qa4 Qd6 43. Qb5 Rb8 44. Rc1 Nxf4
45. c5 Qd2 46. Rg1 Ne2 47. c6 Ke6 48. c7 Rc8 49. Qxb7 Kd7 50. Qb5+ Kxc7 51.
Ra1 Kd8 52. Qb6+ Ke7 53. Qb7+ Qd7 54. Qxb4+ Kf7 55. Qe1 Nf4 56. Bf1 Qd4 57.
Bc4+ Ke7 58. Rd1 Qe5 59. Qd2 Rxc4 60. Qd8+ Kf7 61. Rd7+ 1-0

[Event "16th Open"]
[Site "Abu Dhabi UAE"]
[Date "2006.08.15"]
[Round "4"]
[White "Taleb,M"]
[Black "Aswin,J"]
[Result "1-0"]
[WhiteElo "2409"]
[BlackElo "2221"]
[EventDate "2006.08.12"]

1. Nf3 Nf6 2. d4 g6 3. Bg5 Bg7 4. Nbd2 O-O 5. c3 d5 6. e3 Nbd7 7. Be2 c5 8.
O-O b6 9. b4 Ne4 10. Nxe4 dxe4 11. Nd2 cxd4 12. cxd4 Bb7 13. Rc1 Nf6 14.
Bxf6 Bxf6 15. Qc2 e5 16. d5 Rc8 17. Qa4 Bxd5 18. Rxc8 Qxc8 19. b5 Qa8 20.
Rc1 Rc8 21. Rxc8+ Qxc8 22. Bc4 Qd7 23. Bxd5 Qxd5 24. Nxe4 Bg7 25. g3 h6 26.
Nc3 Qd2 27. Qb3 Kh7 28. Kg2 Qc1 29. Ne4 Qc7 30. Qd5 f5 31. Nd6 e4 32. h4 h5
33. Qe6 Qc3 34. Nf7 Bf6 35. Qd7 Bg7 36. Ng5+ Kh6 37. Qf7 Qc8 38. Ne6 Qc3
39. Qg8 Bh8 40. Ng5 Qg7 41. Nf7+ Qxf7 42. Qxf7 1-0

[Event "16th Open"]
[Site "Abu Dhabi UAE"]
[Date "2006.08.15"]
[Round "4"]
[White "Hassan,Ab"]
[Black "Himdan,M"]
[Result "1/2-1/2"]
[WhiteElo "2365"]
[BlackElo "2282"]
[EventDate "2006.08.12"]

1. d4 Nf6 2. Nf3 g6 3. c4 Bg7 4. g3 O-O 5. Bg2 d6 6. O-O Nc6 7. Nc3 a6 8.
d5 Na5 9. b3 c5 10. dxc6 Ne4 11. c7 Qxc7 12. Nd5 Qd8 13. Nd4 f5 14. Bb2 e6
15. Nc3 Qb6 16. Nxe4 fxe4 17. Bxe4 Nxc4 18. Bc3 Ne5 19. Qd2 Bd7 20. Rad1 a5
21. Nc2 Ra6 22. Ne3 Bc6 23. Bxe5 Bxe5 24. Nc4 Qc5 25. Bxc6 Rxc6 26. Qxa5
Qxa5 27. Nxa5 Rc2 28. Nc4 Rxe2 29. Nxe5 dxe5 30. a4 e4 31. Rd6 e5 32. Re6
Rf3 33. Rb6 Rf7 34. a5 Rc7 35. Rd1 Kg7 36. Kf1 Rb2 37. Re1 Rcc2 38. Rxb7+
Kf6 39. Rxh7 Rxf2+ 40. Kg1 Rg2+ 41. Kh1 Rgf2 42. a6 Rxb3 43. a7 Ra2 44. Kg1
Rbb2 45. Rh8 Rxa7 46. Rf8+ Kg7 47. Rf2 Rxf2 48. Kxf2 Ra2+ 49. Re2 Ra4 50.
h4 Kf6 51. g4 Ke6 52. Ke3 Ra3+ 53. Kxe4 Rg3 54. Rh2 Rxg4+ 55. Kf3 Ra4 56.
h5 g5 57. h6 Kf5 58. h7 Ra3+ 59. Kg2 1/2-1/2

[Event "16th Open"]
[Site "Abu Dhabi UAE"]
[Date "2006.08.15"]
[Round "4"]
[White "Nadig,K"]
[Black "Bistric,F"]
[Result "1/2-1/2"]
[WhiteElo "2226"]
[BlackElo "2426"]
[EventDate "2006.08.12"]

1. e4 c6 2. d4 d5 3. exd5 cxd5 4. c4 Nf6 5. Nc3 g6 6. Qb3 Bg7 7. cxd5 O-O
8. Be2 b6 9. Bf3 Bb7 10. Nge2 Nbd7 11. O-O Ne8 12. Bf4 Nd6 13. Bxd6 exd6
14. Qa3 Nf6 15. Nb5 Ne8 16. Rfd1 Bh6 17. Ng3 a6 18. Nc3 Rc8 19. Qb3 f5 20.
Na4 b5 21. Nc3 Rb8 22. a4 Bc8 23. axb5 axb5 24. Qb4 Nc7 25. Qa5 Re8 26. Na2
Na6 27. Qxd8 Rxd8 28. Nc1 Re8 29. Nb3 Nb4 30. Na5 Ra8 31. Nc6 Rxa1 32. Rxa1
Nc2 33. Ra8 Bf8 34. h4 Ne1 35. Rb8 Kf7 1/2-1/2

[Event "16th Open"]
[Site "Abu Dhabi UAE"]
[Date "2006.08.15"]
[Round "4"]
[White "Salem,AR"]
[Black "El Arousy,A"]
[Result "1-0"]
[WhiteElo "2154"]
[BlackElo "2352"]
[EventDate "2006.08.12"]

1. d4 Nf6 2. c4 e6 3. Nf3 d5 4. cxd5 exd5 5. Nc3 c6 6. Qc2 Na6 7. a3 Nc7 8.
Bg5 Be7 9. e3 Ne6 10. Bh4 g6 11. Bd3 Nh5 12. Bxe7 Qxe7 13. O-O-O Nf6 14. h3
Ng7 15. g4 Be6 16. Ne5 Nd7 17. f4 Nxe5 18. dxe5 f5 19. exf6 Qxf6 20. Rhf1
O-O-O 21. Na4 Kb8 22. Kb1 Bc8 23. Nc3 Qh4 24. Qg2 Ne8 25. e4 dxe4 26. Nxe4
Nf6 27. Nxf6 Qxf6 28. Qg3 Ka8 29. Rf2 Rhf8 30. Rdf1 Qd4 31. Bc2 Be6 32. f5
gxf5 33. gxf5 Bd5 34. Rf4 Qf6 35. Qh4 Qe5 36. f6 Bf7 37. Qe1 Qd5 38. b3
Rfe8 39. Qc3 Qh5 40. Kb2 Re2 41. R4f2 Rdd2 42. Qxd2 Rxd2 43. Rxd2 Qe5+ 44.
Kb1 a5 45. Rd7 Qb5 46. Rf5 Qe2 47. Rxf7 Qe1+ 48. Kb2 Qe3 49. Rd7 1-0

[Event "16th Open"]
[Site "Abu Dhabi UAE"]
[Date "2006.08.15"]
[Round "4"]
[White "Ghader Pour,S"]
[Black "Sethuraman,S"]
[Result "0-1"]
[WhiteElo "2152"]
[BlackElo "2290"]
[EventDate "2006.08.12"]

1. e4 e5 2. Nf3 Nc6 3. Bb5 a6 4. Ba4 Nf6 5. d3 d6 6. c3 Be7 7. O-O O-O 8.
Re1 b5 9. Bb3 Na5 10. Bc2 c5 11. Nbd2 h6 12. Nf1 Re8 13. h3 Bf8 14. Ng3 Bb7
15. Nf5 d5 16. Qe2 Qd7 17. Nh2 Rad8 18. Qf3 Re6 19. Ng4 Nxg4 20. hxg4 Rg6
21. b3 Nc6 22. Be3 d4 23. Bd2 dxc3 24. Bxc3 Nd4 25. Bxd4 cxd4 26. g3 Rc8
27. Re2 Ba3 28. Rb1 a5 29. Rf1 Rc3 30. Bd1 Qc7 31. Kg2 Ba6 32. b4 Bxb4 33.
Bb3 Bf8 34. Rh1 a4 35. Bd5 b4 36. Rd2 Bb5 37. Nh4 Rf6 38. Nf5 Rg6 39. Nh4
Rg5 40. Nf5 Bc6 41. Bc4 Qb7 42. Qe2 b3 43. axb3 axb3 44. f4 exf4 45. gxf4
Rxf5 46. gxf5 Rxc4 47. f6 Rc3 48. fxg7 Bxg7 49. Kf2 Qc7 50. Qg4 Bd7 51. f5
Rc2 52. Rhd1 b2 53. Qe2 Qf4+ 54. Ke1 Qh4+ 55. Qf2 Qh1+ 56. Ke2 Qxd1+ 0-1

[Event "16th Open"]
[Site "Abu Dhabi UAE"]
[Date "2006.08.15"]
[Round "4"]
[White "Lalith,B"]
[Black "Ali,Ab"]
[Result "1-0"]
[WhiteElo "2297"]
[BlackElo "2155"]
[EventDate "2006.08.12"]

1. Nf3 Nf6 2. c4 c5 3. Nc3 Nc6 4. g3 g6 5. d4 cxd4 6. Nxd4 Bg7 7. Bg2 O-O
8. O-O Nxd4 9. Qxd4 d6 10. Qd3 Rb8 11. e4 Ng4 12. Qe2 Ne5 13. Be3 b6 14.
Rac1 f5 15. h3 Be6 16. b3 Qd7 17. f4 Nc6 18. exf5 Nd4 19. Qd2 Nxf5 20. Bf2
Bf7 21. Rce1 e6 22. Ne4 Rbd8 23. Ng5 d5 24. Rd1 Ne7 25. Rfe1 h6 26. Nxf7
Rxf7 27. Qe2 Bc3 28. Rf1 d4 29. Rd3 Nc6 30. Rfd1 Bb4 31. Qe4 Rc8 32. Qxg6+
Rg7 33. Qxh6 Bc5 34. Kh2 Qe8 35. Bxc6 Rxc6 36. Qf6 Qh5 37. Qe5 Qg6 38. Bxd4
Bxd4 39. Qxd4 Rc5 40. Qd8+ Kh7 41. Re3 Rh5 42. Qd3 Rf5 43. Rde1 Re7 44. g4
Rxf4 45. Qxg6+ Kxg6 46. Rxe6+ 1-0

[Event "16th Open"]
[Site "Abu Dhabi UAE"]
[Date "2006.08.15"]
[Round "4"]
[White "Al Sulaiti,G"]
[Black "Schacht,H"]
[Result "1/2-1/2"]
[WhiteElo "2128"]
[BlackElo "2254"]
[EventDate "2006.08.12"]

1. e4 c5 2. Nf3 Nc6 3. d4 cxd4 4. Nxd4 g6 5. Nc3 Bg7 6. Be3 Nf6 7. Bc4 O-O
8. Bb3 a5 9. f3 Nxd4 10. Bxd4 d6 11. Qd2 Bd7 12. a4 Qb8 13. O-O b5 14. axb5
Bxb5 15. Nxb5 Qxb5 16. Ra2 Nd7 17. Bxg7 Kxg7 18. Rfa1 Qe5 19. Bd5 Ra7 20.
b3 e6 21. Bc4 Raa8 22. Qe1 Nb6 23. Bd3 Qd4+ 24. Qf2 Qb4 25. f4 a4 26. f5
exf5 27. exf5 axb3 28. Rxa8 Rxa8 29. Rxa8 Nxa8 30. cxb3 Qxb3 31. Qd4+ Kg8
32. Qxd6 1/2-1/2

[Event "16th Open"]
[Site "Abu Dhabi UAE"]
[Date "2006.08.15"]
[Round "4"]
[White "Qaddara,A"]
[Black "Ibrahim,I UAE"]
[Result "1-0"]
[WhiteElo "2243"]
[BlackElo "2133"]
[EventDate "2006.08.12"]

1. Nf3 d5 2. d4 c6 3. Bf4 Nf6 4. e3 g6 5. Bd3 Bg7 6. Nbd2 Nbd7 7. O-O O-O
8. h3 Re8 9. Bh2 c5 10. c3 b6 11. Bb5 Bb7 12. Ba4 a6 13. dxc5 b5 14. Bc2
Nxc5 15. Ne5 Nfd7 16. Ndf3 f6 17. Nxd7 Qxd7 18. h4 Qg4 19. Qd4 Qxd4 20.
cxd4 Nd7 21. Rac1 Nb6 22. Bc7 Nc4 23. b3 Rac8 24. bxc4 Rxc7 25. c5 e5 26.
Rb1 Bc6 27. Bb3 Kf7 28. dxe5 fxe5 29. Ng5+ Ke7 30. e4 Rd7 31. exd5 Bxd5 32.
Bxd5 Rxd5 33. Ne4 Bh6 34. Rfe1 Rd4 35. g3 Ke6 36. Kg2 Red8 37. Re2 Rc4 38.
Nd6 Rd4 39. Rbe1 Bg7 40. f4 Rf8 41. fxe5 Rd3 42. Ne4 1-0

[Event "16th Open"]
[Site "Abu Dhabi UAE"]
[Date "2006.08.15"]
[Round "4"]
[White "Ramnath,B"]
[Black "Mahmoody,M"]
[Result "0-1"]
[WhiteElo "2024"]
[BlackElo "2242"]
[EventDate "2006.08.12"]

1. e4 c5 2. Na3 Nc6 3. Bb5 Nf6 4. Bxc6 dxc6 5. Qe2 g6 6. Nf3 Bg7 7. O-O O-O
8. c3 b5 9. d4 cxd4 10. cxd4 Bg4 11. Nc2 a5 12. Rd1 Qb6 13. Ne3 Be6 14. Ng5
Rad8 15. Nxe6 fxe6 16. Nc2 c5 17. dxc5 Rxd1+ 18. Qxd1 Qxc5 19. Be3 Qe5 20.
f3 Rc8 21. Rb1 Ng4 22. fxg4 Qxe4 23. Qf3 Qxf3 24. gxf3 Rxc2 25. Bc1 Bd4+
26. Kh1 e5 0-1

[Event "16th Open"]
[Site "Abu Dhabi UAE"]
[Date "2006.08.15"]
[Round "4"]
[White "Coleman,J"]
[Black "Ahmed,I"]
[Result "0-1"]
[WhiteElo "2188"]
[BlackElo "2113"]
[EventDate "2006.08.12"]

1. d4 c5 2. c3 cxd4 3. cxd4 d5 4. Nf3 Nc6 5. Nc3 Nf6 6. Bf4 a6 7. Rc1 Bf5
8. e3 e6 9. Ne5 Nxe5 10. Bxe5 Be7 11. Qa4+ b5 12. Qb3 O-O 13. Be2 Nd7 14.
O-O Rc8 15. a4 b4 16. Na2 Nxe5 17. dxe5 a5 18. Bd3 Bg4 19. Rxc8 Qxc8 20. h3
Bh5 21. Rc1 Qb8 22. f4 Qb6 23. Kh1 Kh8 24. Bb1 f6 25. exf6 Bxf6 26. Qc2 Bg6
27. Qe2 Bxb1 28. Rxb1 Rc8 29. Rc1 Rxc1+ 30. Nxc1 Qc6 31. Nb3 Qxa4 32. Qa6
h6 33. Qxe6 Qxb3 34. Qe8+ Kh7 35. f5 d4 36. Qg6+ Kh8 0-1

[Event "16th Open"]
[Site "Abu Dhabi UAE"]
[Date "2006.08.16"]
[Round "5"]
[White "Grigoriants,S RUS"]
[Black "Bakre,T"]
[Result "1-0"]
[WhiteElo "2579"]
[BlackElo "2454"]
[EventDate "2006.08.12"]

1. d4 Nf6 2. c4 e6 3. Nf3 b6 4. g3 Ba6 5. b3 d5 6. Bg2 Bb4+ 7. Bd2 Bd6 8.
cxd5 exd5 9. Nc3 Nbd7 10. O-O O-O 11. Bf4 Qe7 12. Qc2 Rfe8 13. Rfe1 c6 14.
e3 Rac8 15. Bxd6 Qxd6 16. Qb2 Ne4 17. Rac1 Nxc3 18. Rxc3 Nf6 19. Nd2 Rc7
20. Rec1 Bc8 21. b4 Bf5 22. a4 h5 23. h4 g6 24. Bf1 Ree7 25. Qa3 Ne4 26.
Nxe4 Bxe4 27. Qb3 Kf8 28. Bg2 Bxg2 29. Kxg2 Red7 30. a5 Rc8 31. axb6 axb6
32. Qa4 Rdc7 33. R1c2 Ke7 34. Qb3 Kf8 35. Ra2 Ke7 36. Ra6 Rb8 37. Qa4 Qd7
38. Qc2 Kd8 39. Qa4 Ke7 40. Qa3 Qd6 41. Ra7 Rbc8 42. Ra6 Rb8 43. Qb3 Kf8
44. b5 Kg8 45. Qa2 c5 46. Qa3 Qd7 47. dxc5 Rxc5 48. Ra8 Rcc8 49. Rxc8+ Qxc8
50. Rxb8 Qxb8 51. Qe7 Kg7 52. Kf3 Kg8 53. Qd7 Qe5 54. Qd8+ Kg7 55. Qxb6
Qe4+ 56. Ke2 Qc4+ 57. Kf3 Qe4+ 58. Ke2 Qc4+ 59. Kd2 Qb4+ 60. Kd1 Kh7 61.
Qc6 d4 62. exd4 Qxd4+ 63. Ke2 g5 64. hxg5 h4 65. gxh4 Qg4+ 66. Ke3 Kg7 67.
b6 Qd1 68. Qc3+ Kg8 69. b7 1-0

[Event "16th Open"]
[Site "Abu Dhabi UAE"]
[Date "2006.08.16"]
[Round "5"]
[White "Kengis,E"]
[Black "Anastasian,A"]
[Result "1/2-1/2"]
[WhiteElo "2539"]
[BlackElo "2566"]
[EventDate "2006.08.12"]

1. Nf3 Nf6 2. c4 c5 3. Nc3 e6 4. g3 b6 5. Bg2 Bb7 6. O-O Be7 7. Re1 Ne4 8.
d4 Nxc3 9. bxc3 Be4 10. Bh3 Bxf3 11. exf3 cxd4 12. cxd4 O-O 13. f4 Nc6 14.
Be3 Na5 15. Rc1 Rc8 16. Qd3 g6 17. Bg2 Qc7 18. c5 d5 19. cxd6 Qxd6 20. Qa6
Qd7 21. h4 Ba3 22. Rxc8 Rxc8 23. d5 exd5 24. Bxd5 Bc5 25. Rd1 Rc7 26. Bf3
Qe7 27. Re1 Bxe3 28. Rxe3 Qf6 29. Qb5 Nc4 30. Qe8+ Kg7 31. Rd3 Qe7 32. Qxe7
1/2-1/2

[Event "16th Open"]
[Site "Abu Dhabi UAE"]
[Date "2006.08.16"]
[Round "5"]
[White "Ghaem Maghami,E"]
[Black "Taleb,M"]
[Result "1-0"]
[WhiteElo "2594"]
[BlackElo "2409"]
[EventDate "2006.08.12"]

1. e4 c5 2. Nf3 Nc6 3. d4 cxd4 4. Nxd4 g6 5. c4 Nf6 6. Nc3 Bg7 7. Be3 O-O
8. Be2 d6 9. O-O Bd7 10. f3 Nxd4 11. Bxd4 Bc6 12. b4 Ne8 13. a3 a5 14. b5
Bd7 15. f4 Bxd4+ 16. Qxd4 Ng7 17. Rad1 Rc8 18. Nd5 Rc5 19. f5 gxf5 20. e5
f6 21. exd6 exd6 22. Nf4 Be6 23. Rf3 Bf7 24. Qxd6 Qxd6 25. Rxd6 Bxc4 26.
Rc3 Rfc8 27. Rxc4 Rxc4 28. Bxc4+ Rxc4 29. Rd8+ Ne8 30. g3 Re4 31. Rb8 Kf7
32. Rxb7+ Re7 33. Rb6 a4 34. Ra6 Rb7 35. b6 Nd6 36. Nd5 Ke6 37. Nc3 Kd7 38.
Nxa4 Kc6 39. Ra5 Nb5 40. Kf2 Rd7 41. Ke3 Rd1 42. Rxb5 1-0

[Event "16th Open"]
[Site "Abu Dhabi UAE"]
[Date "2006.08.16"]
[Round "5"]
[White "Azarov,S"]
[Black "Safarli,E"]
[Result "1-0"]
[WhiteElo "2579"]
[BlackElo "2421"]
[EventDate "2006.08.12"]

1. d4 Nf6 2. c4 e6 3. Nf3 b6 4. Nc3 Bb4 5. Bg5 Bb7 6. Nd2 h6 7. Bh4 Nc6 8.
e3 Ne7 9. f3 Nf5 10. Bf2 c5 11. Bd3 cxd4 12. exd4 O-O 13. a3 Bxc3 14. bxc3
d5 15. c5 bxc5 16. dxc5 d4 17. cxd4 Nxd4 18. Nc4 Nc6 19. O-O Ba6 20. Qc2
Nd4 21. Qc3 Nb5 22. Qd2 Nd5 23. Rac1 Qf6 24. Nd6 Rab8 25. c6 Nbc7 26. Bxa6
Nxa6 27. Bxa7 Rb2 28. Qd4 Nf4 29. Qxf6 gxf6 30. Kh1 Rd8 31. Bd4 Rd2 32. Be3
R2xd6 33. Bxf4 e5 34. Bxh6 Rc8 35. a4 f5 36. Be3 f4 37. Bb6 Rcxc6 38. a5
Kg7 39. Rxc6 Rxc6 40. g3 fxg3 41. hxg3 Rc3 42. Kg2 Ra3 43. Re1 Ra2+ 44. Kh3
f6 45. f4 exf4 46. gxf4 Nb4 47. Kg4 Kf7 48. Rd1 Ke6 49. f5+ Ke5 50. Re1+
Kd5 51. Re6 Rg2+ 52. Kh4 Rh2+ 53. Kg3 Rh5 54. Rxf6 Ke5 55. Kg4 Rh8 56. Re6+
Kd5 57. Re2 Rg8+ 58. Kh5 Nd3 59. Re7 Kc6 60. Be3 Nb4 61. Re6+ Kd7 62. a6
Nd5 63. a7 Ne7 64. Re5 Kd6 65. Ra5 Ra8 66. Kg4 Rg8+ 67. Bg5 1-0